Chuẩn bị kỹ thuật cho khu đất xây dựng đô thị
Salvato in:
| Autore principale: | |
|---|---|
| Natura: | Libro |
| Lingua: | Undetermined |
| Pubblicazione: |
H.
Xây Dựng
2002
|
| Soggetti: | |
| Tags: |
Aggiungi Tag
Nessun Tag, puoi essere il primo ad aggiungerne! !
|
| Thư viện lưu trữ: | Trung tâm Học liệu Trường Đại học Cần Thơ |
|---|
| LEADER | 00559nam a2200181Ia 4500 | ||
|---|---|---|---|
| 001 | CTU_53706 | ||
| 008 | 210402s9999 xx 000 0 und d | ||
| 020 | |b 30000 | ||
| 082 | |a 624.151 | ||
| 082 | |b H561 | ||
| 100 | |a Trần Thị Hường | ||
| 245 | 0 | |a Chuẩn bị kỹ thuật cho khu đất xây dựng đô thị | |
| 245 | 0 | |c Trần Thị Hường | |
| 260 | |a H. | ||
| 260 | |b Xây Dựng | ||
| 260 | |c 2002 | ||
| 650 | |a engineering geology,urban geology,foundation | ||
| 980 | |a Trung tâm Học liệu Trường Đại học Cần Thơ | ||